| 000 | 00984nam a22002177a 4500 | ||
|---|---|---|---|
| 003 | OSt | ||
| 005 | 20251210062518.0 | ||
| 008 | 241011b |||||||| |||| 00| 0 eng d | ||
| 040 | _c0 | ||
| 082 | _aDPer 613.705 J826 January-December 2020 v. 91 n. 1-9 | ||
| 100 |
_aWalton-Fisette, Jennifer. _eauthor. _962855 |
||
| 245 |
_aPreparing health and physical education teachers to become trauma invested : _bfostering resilient learners by implementing trauma-informed and socially just practices / _cJennifer L. Walton-Fisette. |
||
| 260 |
_aVirginia ; _bAmerican Alliance for Health , _cNovember-December 2020. |
||
| 300 |
_aVolume 91, pages 8-15 : _billustration ; _c28 cm. |
||
| 500 | _aThe Journal of Physical Education Recreation & Dance, vol. 91, no. 9, pages 8-15, November-December 2020. | ||
| 650 | 0 |
_aResilience (Psychological). _965385 |
|
| 650 | 0 |
_aAnxiety. _922811 |
|
| 650 | 0 |
_aHealth education. _938188 |
|
| 700 |
_aWalton-Fisette, Jennifer L. _950184 |
||
| 942 |
_2ddc _cPER |
||
| 999 |
_c22515 _d22515 |
||